| 000 | 00352nam a2200145Ia 4500 | ||
|---|---|---|---|
| 999 |
_c14205 _d14205 |
||
| 003 | OSt | ||
| 005 | 20260227143309.0 | ||
| 008 | 260210s9999 xx 000 0 und d | ||
| 020 | _a9788194720171 | ||
| 082 | _a305.209 | ||
| 100 | _aSharma | ||
| 245 | 0 | _aIncognito: Unraveling The Fabric Of Bengluru (P/B) | |
| 260 | _bMetro Books | ||
| 942 |
_cBPLAN _2ddc |
||